000 00749nam a2200241Ia 4500
008
020 _a0882294601 (pbk.)
049 _aMAIN
090 _aQH442
100 1 _aKarp, Laurence E.
245 1 0 _aGenetic engineering : threat or promise? /
_cLaurence E. Karp ; medical ill. by Jan Norbisrath.
260 _aChicago :
_bNelson-Hall,
_cc1976.
300 _axvii, 235 p. :
_bill. ;
_c24 cm.
504 _aIncludes bibliographical references.
500 _aIncludes index.
650 0 _aGenetic engineering
_xSocial aspects.
650 0 _aGenetic engineering.
907 _a.b10013866
_b26-09-05
_c17-04-03
003
005 20230123133958.0
040 _cNUST
942 _cBOOKS
_kQH442
999 _c157914
_d157914